Datum a čas kvízu
29.5
Celkem bodů
Celkový počet nahraných bodů na tomto kvízu bez doplňovacích otázek.
3.
Pořadí na kvízu
Konečné umístění týmu na tomto kvízu.
Zaznamenané odpovědi
| # | Otázka | Odpověď | Body | Výsledky |
|---|---|---|---|---|
| 1. | Český premiér Andrej Babiš při... | o pistoli | 1 | |
| 2. | Je všeobecně známo, že Čína dl... | turisté prý špatně snášejí vysokou nadmořskou výšku | 0 | |
| 3. | Poté, co skončil úspěšný seriá... | Zkáza Dejvického divadla | 1 | |
| 4. | Britské aerolinky Virgin Atlan... | nemusí být namalované | 0 | |
| 5. | Ve středečních zápasech Ligy m... | Penalty byly nařízeny s pomocí videa. | 1 | |
| 6. | V prvních čtyřech otázkách tém... | Božena Němcová, Babička | 1 | |
| 7. | "Ačkoli nemám rád všechna ta p... | Zdeněk Jirotka, Saturnin | 1 | |
| 8. | Zde prosíme celé jméno autora... | Josef Čapek, Povídání o pejskovi a kočičce | 1 | |
| 9. | Zde nejde o první větu, ale je... | Vladislav Vančura, Rozmarné léto | 1 | |
| 10. | "V jednom kupé druhé třídy ryc... | B | 1 |